Tokaji aszú

Elmentve itt :
Bibliográfiai részletek
Szerző: GÁLFALVI Zsolt
Adatforrás:Meister
Forrásdokumentuma:A Hét. -
36 sz., 1998, 1 p.
Nyelv:magyar
Kulcsszavak:művelődési élet
Tokaj
Tokaji Írótábor
LEADER 00363nab a2200145 i 4500
001 bibPRO00007607
008 060524s1998 xx hun
040 |a Sz1 
041 |a hun 
100 1 |a GÁLFALVI Zsolt 
245 1 0 |a Tokaji aszú  |c GÁLFALVI Zsolt 
695 |a művelődési élet 
695 |a Tokaj 
695 |a Tokaji Írótábor 
773 0 |t A Hét. -  |g 36 sz., 1998, 1 p.